00394nam a22001337a 4500008004100000020001500041050001300056100002100069245006700090250001300157260004300170300002800213650001900241200615b xxu||||| |||| 00| 0 eng d a0721635504 aR724.P82 aPurtilo, Ruth B. aEthical dimensions in the health profession /cRuth B. Purtilo a2nd ed.: aLondon:bW.B. Saunders company,c1993. axxi, 260p.:bsome ill.: aMedical ethics